Las grandes entrevistas de la historia (1859-1992) /

Las grandes entrevistas de la historia es un extraordinario panorama de la entrevista, género periodístico por excelencia. Partiendo de la primera entrevista de la que hay constancia, la del líder mormón Brigham Young, publicada por el New-York Tribune en 1859, Silvester ha realizado un excelente tr...

Full description

Bibliographic Details
Other Authors: Silvester, Christopher (ed.)
Format: Libro
Language:Spanish
Published: Madrid Aguilar c1997
Edition:1a. reimpr.
Subjects:
Online Access:

MARC

LEADER 00000cam a2200000 a 4500
001 022383
003 UAHC_CL
005 20170803122117.0
008 130228s1997 sp 000 spa
020 |a 9681906470 
040 |a UAHC_CL  |c UAHC_CL  |d UAHC_CL 
082 0 4 |a 920.02  |b G752  |2 20 
245 1 4 |a Las grandes entrevistas de la historia (1859-1992) /  |c edición e introducción de Christopher Silvester. 
250 |a 1a. reimpr. 
260 |b Aguilar  |a Madrid  |c c1997 
300 |a 634 p. 
500 |a Título original: The penguin book of interviews: an anthology from 1859. 
520 |a Las grandes entrevistas de la historia es un extraordinario panorama de la entrevista, género periodístico por excelencia. Partiendo de la primera entrevista de la que hay constancia, la del líder mormón Brigham Young, publicada por el New-York Tribune en 1859, Silvester ha realizado un excelente trabajo de recopilación, para ofrecer a los lectores un completísimo retablo de las figuras más importantes de un siglo y medio de la historia mundial. 
650 4 |a PERSONAJES FAMOSOS  |v ENTREVISTAS 
653 |a PERIODISMO 
700 1 |a Silvester, Christopher  |e ed. 
900 |a 920.02 GRA 
942 |c BK 
952 |0 0  |1 0  |4 0  |6 920_020000000000000_GRA  |7 0  |8 General  |9 44485  |a BC  |b BC  |c General  |d 2017-08-03  |l 0  |o 920.02 GRA  |p 1388208  |r 2026-01-13 00:00:00  |t 1  |w 2017-08-03  |y BK 
999 |c 22383  |d 22383